Taylor Swift songs that start with "R" - Statistics

General Stats
  • This quiz has been taken 18 times
  • The average score is 5 of 8
Answer Stats
Answer % Correct
...Ready for It?
73%
Red
73%
right where you left me
73%
Robin
73%
Ruin The Friendship
73%
Ronan
55%
Run
45%
Renegade
36%
No matching quizzes found
Score Distribution
Percent of People with Each Score
Percentile by Number Answered
Your Score History
You have not taken this quiz